Firstsite : (Record no. 353732)
[ view plain ]
| 000 -LEADER | |
|---|---|
| fixed length control field | 00974nam a2200277 a 4500 |
| 001 - CONTROL NUMBER | |
| control field | ASIN1857597559 |
| 003 - CONTROL NUMBER IDENTIFIER | |
| control field | OSt |
| 005 - DATE AND TIME OF LATEST TRANSACTION | |
| control field | 20180116192416.0 |
| 008 - FIXED-LENGTH DATA ELEMENTS--GENERAL INFORMATION | |
| fixed length control field | 130723s2012 xxu eng d |
| 020 ## - INTERNATIONAL STANDARD BOOK NUMBER | |
| International Standard Book Number | 1857597559 (paperback) |
| Terms of availability | $7.95 |
| 020 ## - INTERNATIONAL STANDARD BOOK NUMBER | |
| International Standard Book Number | 9781857597554 (paperback) |
| 040 ## - CATALOGING SOURCE | |
| Transcribing agency | DEL |
| 050 04 - LIBRARY OF CONGRESS CALL NUMBER | |
| Classification number | N1219.C74 |
| 082 04 - DEWEY DECIMAL CLASSIFICATION NUMBER | |
| Classification number | 725.8 |
| 100 1# - MAIN ENTRY--PERSONAL NAME | |
| Personal name | Merrick, Jay. |
| 9 (RLIN) | 6682 |
| 245 10 - TITLE STATEMENT | |
| Title | Firstsite : |
| Remainder of title | art spaces / |
| Statement of responsibility, etc. | Jay Merrick. |
| 260 ## - PUBLICATION, DISTRIBUTION, ETC. | |
| Place of publication, distribution, etc. | [S.l.] : |
| Name of publisher, distributor, etc. | Scala Publishers, |
| Date of publication, distribution, etc. | 2012. |
| 300 ## - PHYSICAL DESCRIPTION | |
| Extent | 64 p. ; |
| Dimensions | 17 cm. |
| 520 ## - SUMMARY, ETC. | |
| Summary, etc. | The latest book in Scala's Art Spaces series examines the design and delivery of the innovative Firstsite building. |
| 650 #0 - SUBJECT ADDED ENTRY--TOPICAL TERM | |
| Topical term or geographic name entry element | Art museums--Design and construction |
| 9 (RLIN) | 6683 |
| 650 #0 - SUBJECT ADDED ENTRY--TOPICAL TERM | |
| Topical term or geographic name entry element | England--Colchester |
| 9 (RLIN) | 6684 |
| 650 #0 - SUBJECT ADDED ENTRY--TOPICAL TERM | |
| Topical term or geographic name entry element | Museum architecture |
| 9 (RLIN) | 6685 |
| 856 40 - ELECTRONIC LOCATION AND ACCESS | |
| Materials specified | Amazon.com |
| Uniform Resource Identifier | <a href="http://www.amazon.com/exec/obidos/ASIN/1857597559/chopaconline-20">http://www.amazon.com/exec/obidos/ASIN/1857597559/chopaconline-20</a> |
| 942 ## - ADDED ENTRY ELEMENTS (KOHA) | |
| Source of classification or shelving scheme | |
| Koha item type | Book |
| Withdrawn status | Lost status | Source of classification or shelving scheme | Damaged status | Not for loan | Permanent Location | Current Location | Date acquired | Total Checkouts | Full call number | Barcode | Date last seen | Copy number | Cost, replacement price | Price effective from | Koha item type |
|---|---|---|---|---|---|---|---|---|---|---|---|---|---|---|---|
| School of Art Design and Architecture (SADA) | School of Art Design and Architecture (SADA) | 07/18/2013 | 725.8 MER 2012 | SADA0002106 | 01/05/2017 | 1 | 777.72 | 01/05/2017 | Book |
